Co vytěží japonské firmy z nynější recese? S největšími problémy se potýkají výrobci elektroniky a automobilů.

Hospodárske výsledky japonských firiem za prvú polovicu finančného roku 1992/1993. Vplyv hospodárskej recesie na priemyselnú výrobu spotrebnej elektroniky a automobilového priemyslu. Pokles výroby v týchto odvetviach. Prosperita firiem v maloobchode a v službách.

Saved in:
Bibliographic Details
Main Author: Shrbená, Jiřina
Format: Book Chapter
Language:Czech
Subjects:
Tags: Add Tag
No Tags, Be the first to tag this record!

MARC

LEADER 00000naa a2200000 4500
001 r013357
005 20221205075912.7
041 0 |a cze 
044 |a SK 
245 1 0 |a Co vytěží japonské firmy z nynější recese?  |b S největšími problémy se potýkají výrobci elektroniky a automobilů.  |c J. Shrbená 
520 |a Hospodárske výsledky japonských firiem za prvú polovicu finančného roku 1992/1993. Vplyv hospodárskej recesie na priemyselnú výrobu spotrebnej elektroniky a automobilového priemyslu. Pokles výroby v týchto odvetviach. Prosperita firiem v maloobchode a v službách. 
610 2 0 |a výsledok hospodársky 
610 2 0 |a Japonsko 
610 2 0 |a recesia 
610 2 0 |a 1992-1993 
610 2 0 |a elektronika spotrebná 
610 2 0 |a priemysel automobilový 
610 2 0 |a maloobchod 
100 1 |a Shrbená, Jiřina